El tao para todos /

Guardado en:
Autor Principal: Tse, Lao
Otros Autores: Ch'u Ta Kao, trad., Parada, Ricardo A., pról.
Formato: Libro
Publicado: Buenos Aires : Errepar
Series:Clásicos de bolsillo; No. 231
Materias:
Etiquetas: Agregar Etiqueta
Sin Etiquetas, Sea el primero en etiquetar este registro!
LEADER 00664nam a22002175a 4500
001 CEM.cems011293
005 20071023152616.0
008 130507b######################000#0#####d
003 CEMS
020 |a 9507396861 
082 0 4 |a 181.1 
100 1 |a Tse, Lao 
245 1 0 |a El tao para todos /  |c Lao Tse ; traducción de Ch'u Ta Kao ; prólogo y Nueva Versión de Ricardo A. Parada 
260 |a Buenos Aires :  |b Errepar 
300 |a 124 p. 
490 0 |a Clásicos de bolsillo; No. 231 
653 |a Filosofía 
653 |a Taoísmo 
700 1 |a Ch'u Ta Kao, trad. 
700 1 |a Parada, Ricardo A., pról. 
859 |a CEMS  |b BIB. CEMS - 11 de abril  |h 181.1  |i L299  |p 21939.02  |t Ej.1